Normal view
MARC view
- Motores De Combustao Interna
Entry Topical Term
001 - CONTROL NUMBER
- control field: 41784
003 - CONTROL NUMBER IDENTIFIER
- control field: NUST
005 - DATE AND TIME OF LATEST TRANSACTION
- control field: 20210314132135.0
008 - FIXED-LENGTH DATA ELEMENTS
- fixed length control field: 210314|| aca||aabn | a|a d
040 ## - CATALOGING SOURCE
- Original cataloging agency: NUST
- Transcribing agency: NUST
150 ## - HEADING--TOPICAL TERM
- Topical term or geographic name entry element: Motores De Combustao Interna
670 ## - SOURCE DATA FOUND
- Source citation: Work cat.: (NUST): Barnard, Wm. N. 41782, Heat-power engineering ..., 1933-1935, c1912-1935.
